000 00727nam a2200253Ia 4500
003 OSt
005 20220926001059.0
006 a|||||r|||| 00| 0
007 ta
008 220923b |||||||| |||| 00| 0 eng d
037 _cGeneral Book
040 _aRTL
_cRTL
_beng
041 _2eng
_aeng
082 _aY15-9(Z,193).2.N8, M1
100 _aGhosh S K
_942960
245 0 _aWomen in Policing
260 _a New Delhi
_bLight & Life Pub.
_c1981
300 _axi,155p
_ccm.
490 _aLaw Research Institute Publication
500 _aBibliography chapterwise & p: 143-148
650 _aWomen Sociology
942 _hY15-9(Z,193).2.N8, M1
_cGB
_2CC
999 _c600381
_d600381